00669cam a22002052 4500001001100000005001700011008004100028020001500069040001500084100003400099245013700133250001300270260003800283300001900321650005400340700003300394700003000427852000300457852000300460000002088120151217145928.0111026s xx 000 0 eng d a1847039224 aKABUcKABU1 aCornish, William.@000015867910aIntellectual property :bpatents, copyright, trade marks and allied rights /cby William Cornish and David Llewelyn and Tanya Aplin. a7th ed. aLondon :bSweet & Maxwell,c2010. acviii, 998 p. 0aIntellectual propertyzGreat Britain.@00001586801 aLlewelyn, David.@00001586811 aAplin, Tanya.@00001791391 1